Представление документа в формате RUSMARC

ПолеНазваниеЗначение
  Тип записи a
  Библиографический уровень m
001 Контрольный номер RU/SLIB/B/208720935
005 Дата корректировки 20230111143259.7
010 Индекс ISBN __
d Цена 700-00
101 Язык документа 0_
a Язык текста rus
200 Заглавие и сведения об ответственности 0_
a Заглавие Семейная хроника ; Детские годы Багрова-внука
f Первые сведения об ответственности Аксаков С. Т. ; вступ. ст. С. Машинского
b Общее обозначение материала Текст
210 Выходные данные 1_
a Место издания М.
c Издательство Правда
d Дата издания 1983
215 Физическое описание __
a Объем 543 с.
517 Другие варианты заглавия 1_
a Другие варианты заглавия Детские годы Багрова-внука
606 Тематические рубрики __
a Основная рубрика Художественная литература
606 Тематические рубрики __
a Основная рубрика Русская литература XIX в. (произведения)
610 Ключевые слова 0_
a Ключевые слова семейные хроники; проза; прозаические произведения; тема детства; тема детей; биографическая проза
686 Индексы других классификаций __
a Классификационный индекс ст84(2Рос=Рус)1-4
700 Автор _0
a Фамилия Аксаков
b Имя С. Т.
4 Код отношения 070
702 Вторичная интеллектуальная ответственность _1
a Фамилия Машинский
b Имя С.
4 Код отношения Автор предисловия и т.д.
801 Источник записи _0
a Страна RU
b Организация Муниципальное бюджетное учреждение культуры "Централизованная библиотечная система" г. Сургут (Центральная городская библиотека им. А. С. Пушкина)
g Правила каталогизации КиК/Лебедева
801 Источник записи _1
a Страна RU
b Организация Муниципальное бюджетное учреждение культуры "Централизованная библиотечная система" г. Сургут (Центральная городская библиотека им. А. С. Пушкина)
g Правила каталогизации КиК/Лебедева
852 Данные о местонахождении __
j Шифр хранения ст84(2Рос=Рус)1-4
i Авторский знак А41
p Инвентарный номер 63356
901 Тип документа __
t Тип документа m
903 Характеристики (МАРС) __
a Дата передачи 20010614
990 Данные о заказе (DOS) __
j Количество экземпляров (DOS) 1
t N записи в КСУ для И/У (DOS) 199701